• 首页
  • 本馆介绍
  • 公告通知
  • 最新文献
  • 馆藏检索
  • 电子资源
  • 读者导购
  • 参考咨询
  • 我的图书馆
  • 登录
  • 详细信息显示
  • 放入我的书架
  • 预约/预借图书
  • 作者相关作品
  • 分类相关作品
  • 丛书相关作品
  • 出版社相关作品

书目信息

  • 表格格式
  • 工作单格式
  • 卡片格式
题名:
邮电通信地理
    
 
作者: 马天迪 , 郑忠信 , 刘知命 , 王福元 编
分册:   国内部分
出版信息: 北京   人民邮电出版社  1984
页数: 309页
开本: 20cm
丛书名:
单 册:
中图分类: F606
科图分类:
主题词: 邮电通信地理--中国
电子资源:
ISBN:
000 00741nam0 2200265 45
001 0184006131
005 20040430142038.7
010    @dCNY1.35
100    @a19951014d1984 em y0chiy0121 ea
101 0  @achi
102    @aCN@b110000
105    @ay z 000yy
106    @ar
200 10 @a邮电通信地理@i国内部分@Ayou dian tong xin di li@f马天迪等编
210    @a北京@c人民邮电出版社@d1984
215    @a309页@d20cm
606    @a邮电通信地理@y中国
690    @aF606@v3
701  0 @a马天迪@4编@Ama tian di
701  0 @a郑忠信@4编@Azheng zhong xin
701  0 @a刘知命@4校订@Aliu zhi ming
701  0 @a王福元@4校订@Awang fu yuan
801  0 @aCN@b深圳图书馆@c20040430
801  2 @aCN@bNLC@c20040430
905    @f2@b130730-731@dF606@e1:2
    
    邮电通信地理.国内部分/马天迪等编.-北京:人民邮电出版社,1984
    309页;20cm
    
    
    ISBN :CNY1.35
    
●
相关链接 在E读中查询图书 在五车中查询图书 在当当中查询图书 在豆瓣中查询图书


正题名:邮电通信地理     索取号:F606/1:2         预约/预借

序号 登录号 条形码 馆藏地/架位号 状态 备注
1 0130730   000489518   第一借阅区/ [索取号:F606/1:2] 在馆    
2 0130731   000489545   第一借阅区/ [索取号:F606/1:2] 在馆    
3 0205031   000487501   第一借阅区/ [索取号:F606/1:2] 在馆    
4 0205032   000487510   第一借阅区/ [索取号:F606/1:2] 在馆    
唐山师范学院图书馆 欢迎您!
大连网信软件有限公司© 版权所有